লোডিং...
Local analgesia in dentistry
| প্রধান লেখক: | , |
|---|---|
| বিন্যাস: | Printed Book |
| প্রকাশিত: |
Bristol, John Wright & Sons
1979
|
| সংস্করন: | Ed.2 |
| বিষয়গুলি: |
| LEADER | 004860000a22001690004500 | ||
|---|---|---|---|
| 020 | |a 0-7236-0507-6 | ||
| 082 | |a 617.967 6 L9 | ||
| 100 | |a Roberts, D H | ||
| 100 | |a Sowray, J H | ||
| 245 | |a Local analgesia in dentistry | ||
| 250 | |a Ed.2 | ||
| 260 | |a Bristol, John Wright & Sons | ||
| 260 | |c 1979 | ||
| 650 | |a Anesthesia | ||
| 942 | |c BK | ||
| 999 | |c 8596 |d 8596 | ||
| 952 | |0 0 |1 0 |4 0 |6 617_967000000000000_6_L9 |7 0 |8 ENG |9 8390 |a MGUL |b MGUL |d 2013-07-16 |l 0 |o 617.967 6 L9 |p 16174 |r 2013-07-16 |w 2013-07-16 |y BK | ||